000
00253nam a22000977a 4500
008
221031b |||||||| |||| 00| 0 eng d
020
_a
9789389717143
100
_a
NESBIT.E
_9
7604
245
_a
THE ENCHANTED CASTLE
260
_a
NEW DELHI
_b
PRAKASH BOOKS
_c
2022
999
_c
12112
_d
12112